00259nam a22001097a 4500020001500000082002000015100002400035245003700059250000900096260003500105300000900140 a8178087995 a519.062bGRE/AD aGreenberg,Michel D. aAdvanced Engineering Mathematics a2 nd aIndiabPearson Educationc2004 a1324